MARC details
| 000 -LEADER |
| fixed length control field |
03323nam a2200313 a 4500 |
| 001 - CONTROL NUMBER |
| control field |
vtls001339110 |
| 003 - CONTROL NUMBER IDENTIFIER |
| control field |
NLI |
| 005 - DATE AND TIME OF LATEST TRANSACTION |
| control field |
20210627053256.0 |
| 008 - FIXED-LENGTH DATA ELEMENTS--GENERAL INFORMATION |
| fixed length control field |
120623m1995uuuuii s000 0 eng |
| 039 #9 - LEVEL OF BIBLIOGRAPHIC CONTROL AND CODING DETAIL [OBSOLETE] |
| -- |
201206231844 |
| -- |
VLOAD |
| 040 ## - CATALOGING SOURCE |
| Original cataloging agency |
NLI |
| Language of cataloging |
eng |
| Transcribing agency |
Datasoft_IOD_S |
| Description conventions |
AACR2 |
| 041 0# - LANGUAGE CODE |
| Language code of text/sound track or separate title |
eng |
| 044 ## - COUNTRY OF PUBLISHING/PRODUCING ENTITY CODE |
| MARC country code |
ii |
| 082 04 - DEWEY DECIMAL CLASSIFICATION NUMBER |
| Classification number |
336.3951 |
| 110 2# - MAIN ENTRY--CORPORATE NAME |
| Corporate name or jurisdiction name as entry element |
Maharashtra (India) |
| 9 (RLIN) |
681493 |
| 245 10 - TITLE STATEMENT |
| Title |
Civil Budget Estimates for the year 1995-96 / |
| Statement of responsibility, etc. |
Government of Maharashtra |
| 260 ## - PUBLICATION, DISTRIBUTION, ETC. |
| Place of publication, distribution, etc. |
Bombay : |
| Name of publisher, distributor, etc. |
Government Central Press, |
| Date of publication, distribution, etc. |
1995- |
| 300 ## - PHYSICAL DESCRIPTION |
| Extent |
-v. ; |
| Dimensions |
30 cm. |
| 500 ## - GENERAL NOTE |
| General note |
Library has 3 cops. |
| 505 0# - FORMATTED CONTENTS NOTE |
| Formatted contents note |
Pt.1 Detailed budget estimates of revenue and receipts.-Pt.2 Detailed budget estimates of expenditure (Major head-cum-department wise summary of expenditure and public account).-pt.2 A General administration department.-pt.2 B Home department.-pt.2 C Revenue and forests department.-pt.2 D Agriculture, animal husbandry, dairy development and fisheries development, v.1 Agriculture.-pt.2 D. Agriculture, animal husbandary, dairy development and fisheries department, v.2 Animal husbandary, dairy development and fisheries.-pt.2 E School education department.-pt.2 F Urban development department.-pt.2 G Finance department.-pt.2 H Public works department.-pt.2 I Irrigation department.-pt.2 J Law and judiciary department.-pt.2 K Industries energy and labour department.-pt.2 L Rural development and water conservation department.-pt.2 M Food and civil supplies department.-pt.2 N Social welfare, cultural affairs and sports department.-pt.2 O Planning department.-pt.2 P Parliamentary affairs department.-pt.2 Q Housing and special assistance department.-pt.2 R Public health department.-pt.2 S Medical education and drugs department.-pt.2 T Tribal development department.-pt.2 U Environment department.-pt.2 V Co-operation and textiles department.-pt.2 W Higher and technical education and employment department.-pt.2 X Women and child welfare department.-pt.2 Y Maharashtra legislature secretariat.-pt.3 Appendix ?A? Details of expenditure on transferred staff, schemes and works for which grants and loans are payable to zilla parishads and panchayat samitis under the Maharashtra zilla parishads and panchayat samitis, Act, 1961 and detailes of Minor Irrigation works (101 to 250 hectares).-pt.3, Appendix ?B? (I) ?Detailes of various provisions for ?Road and Bridges works? included in the budget estimates under the public works department.-pt.3, Appendix ?B? (2) Details of various provisions for ?Building works? included in the budget estimates under the public works department.-pt.3, Appendix ?c?-Details of various provision for ?works? included in the budget estimates under the irrigation department.-pt.3, Appendix ?D? Details of various provisions for works included in the budget estimates under the tribal department.-pt.3 Appendix ?E? details of various provisions for ?works? included in the budget estimates under the Home Department |
| 650 #0 - SUBJECT ADDED ENTRY--TOPICAL TERM |
| Topical term or geographic name entry element |
Finance, Public |
| Geographic subdivision |
India |
| -- |
Marashtra |
| 650 #0 - SUBJECT ADDED ENTRY--TOPICAL TERM |
| Topical term or geographic name entry element |
Budget |
| Geographic subdivision |
India |
| -- |
Marashtra |
| 651 #0 - SUBJECT ADDED ENTRY--GEOGRAPHIC NAME |
| Geographic name |
Marashtra (India) |
| General subdivision |
Economic policy |
| 651 #0 - SUBJECT ADDED ENTRY--GEOGRAPHIC NAME |
| Geographic name |
Marashtra (India) |
| General subdivision |
Appropriations and expenditures |
| 887 ## - NON-MARC INFORMATION FIELD |
| Content of non-MARC field |
|
| 901 ## - LOCAL DATA ELEMENT A, LDA (RLIN) |
| a |
126091 date |
| b |
31.08.1996 |
| 9 |
pt.2E |
| 902 ## - LOCAL DATA ELEMENT B, LDB (RLIN) |
| a |
GP 336.395[1](54313) M 277cb,1995-96 |
| 942 ## - ADDED ENTRY ELEMENTS (KOHA) |
| Source of classification or shelving scheme |
Dewey Decimal Classification |
| Koha item type |
Books |